Normale Ansicht MARC-Ansicht ISBD

Post-War Europe : (Titelsatznr. 34026)

[ MARC ]
MARC-Details
000 -Satzkennung
Kontrollfeld mit fester Länge 02203nam a22003971c 4500
001 - Kontrollnummer
Kontrollfeld a987681233
003 - Kontrollnummer Identifier
Kontrollfeld RU-10907106
005 - Datum und Zeit der letzten Transaktion
Kontrollfeld 20211101170313.0
008 - Feld mit fester Länge zur physischen Beschreibung - Allgemeine Angaben
Kontrollfeld mit fester Länge 091009s eng d
040 ## - Katalogisierungsquelle
Übertragungsstelle RU-10907106
Original-Katalogisierungsstelle RU-10907106
Katalogisierungssprache ger
041 ## - Sprachcode
Sprachcode des Textes/der Tonspur oder des separaten Titels eng
245 00 - Titel
Titel Post-War Europe :
Zusatz zum Titel Refugees, Exile and Resettlement 1945-1950 ; Elektronische Ressource
246 10 - Titelvarianten
Hauptsachtitel/Kurztitel Postwar Europe
264 ## - Produktion, Veröffentlichung, Distribution, Herstellung und Urheberrechtsvermerk
Produzent, Herausgeber, Distributor, Hersteller Gale Cengage Learning,
Datum der Herstellung, der Veröffentlichung, des Vertriebs oder des Urheberschutzvermerks [2009]
336 ## - Inhaltstyp
Inhaltstypterm Text
Inhaltstypcode txt
Quelle rdacontent
337 ## - Medientyp
Bezeichnung des Medientyps Computermedien
Medientypcode c
Quelle rdamedia
338 ## - Datenträgertyp
Datenträgertypbezeichnung Online-Ressource
Datenträgertypcode cr
Quelle rdacarrier
500 ## - Allgemeine Fußnote
Allgemeine Fußnote Zentrales Thema der Datenbank ist die Geschichte der Displaced Persons (DP) in Europa. Zu diesem Zweck wurden etwa 3.000 Dokumente zusammengetragen, die als Bilddateien und über Volltextsuche angeboten werden. Die Daten stammen im Wesentlichen aus der Wiener Library in London und aus den National Archives of the UK mit Beständen aus der General Correspondence des Foreign Office, dem Control Office for Germany and Austria und der Control Commission for Germany. Wissenschaftlich begleitet wurde dieses Projekt von Dan Stone (Royal Holloway College, University of London), der ein einleitendes Essay verfasst hat. Weitere die Datenbank ergänzende Beiträge zur Thematik stammen von namhaften Historikern der jüdischen und DP-Geschichte aus Großbritannien, Deutschland und Israel, darunter Michael Brenner (München) und Angelika Königseder (Berlin). Durch die Bestände aus der Wiener Library liegt ein gewisser Schwerpunkt auf der jüdischen DP-Geschichte.
500 ## - Allgemeine Fußnote
Allgemeine Fußnote Online-Angebot nicht frei zugänglich, Zugang nur im DHI-Lesesaal
648 #0 - Nebeneintragung unter einem Schlagwort - Zeitschlagwort
Zeitschlagwort 1945-1950
650 #0 - Nebeneintragung unter einem Schlagwort - Sachschlagwort
Sachschlagwort oder geografischer Name als Eintragungselement Zweiter Weltkrieg
650 #0 - Nebeneintragung unter einem Schlagwort - Sachschlagwort
Sachschlagwort oder geografischer Name als Eintragungselement Kalter Krieg
650 #0 - Nebeneintragung unter einem Schlagwort - Sachschlagwort
Sachschlagwort oder geografischer Name als Eintragungselement Displaced Persons
650 #0 - Nebeneintragung unter einem Schlagwort - Sachschlagwort
Sachschlagwort oder geografischer Name als Eintragungselement Zwangsarbeit
650 #0 - Nebeneintragung unter einem Schlagwort - Sachschlagwort
Sachschlagwort oder geografischer Name als Eintragungselement Migration
650 #0 - Nebeneintragung unter einem Schlagwort - Sachschlagwort
Sachschlagwort oder geografischer Name als Eintragungselement Demographie
651 #0 - Nebeneintragung unter einem Schlagwort - Geografischer Name
Geografischer Name Europa
655 #0 - Indexierungsterm - Genre/Form
Genre/Form oder fokussierter Term
655 #0 - Indexierungsterm - Genre/Form
Genre/Form oder fokussierter Term
655 #0 - Indexierungsterm - Genre/Form
Genre/Form oder fokussierter Term
655 #0 - Indexierungsterm - Genre/Form
Genre/Form oder fokussierter Term
655 #0 - Indexierungsterm - Genre/Form
Genre/Form oder fokussierter Term Elektronische Datenbank
856 4# - Elektronische Adresse und Zugriff
URL <a href="https://go.gale.com/ps/aboutThisCollection?userGroupName=weberst&inPS=true&mCode=6ACO&prodId=GDSC">https://go.gale.com/ps/aboutThisCollection?userGroupName=weberst&inPS=true&mCode=6ACO&prodId=GDSC</a>
856 4# - Elektronische Adresse und Zugriff
URL <a href="https://go.gale.com/ps/start.do?p=GDSC&u=weberst">https://go.gale.com/ps/start.do?p=GDSC&u=weberst</a>
942 ## - Zusätzliche Felder (Koha)
Koha-Medientyp Elektronische Datenbanken
Klassifikation oder Aufstellungssystematik Andere/Generische Klassifikation
Exemplare
Ausgeschieden Verloren Beschädigt Nicht entleihbar Heimatbibliothek Aufenthaltsbibliothek Aufstellungsort Erwerbungsdatum Inventarnummer Signatur Barcode Letzte Aktivität Preis gültig von Koha-Medientyp
        MWN Osteuropa MWN Osteuropa Online-Ressource 09/10/2009 09-e00074 E-09-e00074 | EDB 34030 18/03/2021 22/03/2021 Elektronische Datenbanken